Max weber : Smajshastriya adhyayan (Record no. 81799)

MARC details
000 -LEADER
fixed length control field 00353nam a2200145Ia 4500
008 - FIXED-LENGTH DATA ELEMENTS--GENERAL INFORMATION
fixed length control field 230917s9999||||xx |||||||||||||| ||und||
040 ## - CATALOGING SOURCE
-- 88540
Original cataloging agency VIVEKANANDA LIBRARY
041 ## - Language
-- English
082 ## - DDC NUMBER
Classification number 301.045 D74M
100 ## - MAIN ENTRY--PERSONAL NAME
Personal name Doshi, Shambhu Lal
245 #0 - TITLE STATEMENT
Title Max weber : Smajshastriya adhyayan
260 ## - PUBLICATION, DISTRIBUTION, ETC. (IMPRINT)
Place of publication, distribution, etc Jaipur
Name of publisher, distributor, etc Rawat
Date of publication, distribution, etc 1996
300 ## - PHYSICAL DESCRIPTION
Pages 158 p.
942 ## - ADDED ENTRY ELEMENTS (KOHA)
Koha item type Books
Holdings
Withdrawn status Lost status Damaged status Not for loan Location (home branch) Sublocation or collection (holding branch) Date acquired Koha issues (times borrowed) Koha full call number Accession No. Koha date last seen Koha item type
        VIVEKANANDA LIBRARY VIVEKANANDA LIBRARY 23/04/2003 1 301.045 D74M 158595 03/11/2023 Books
© Designed and Maintained by Vivekananda Library, MDU Rohtak